| 000 | 00412nam a2200169Ia 4500 | ||
|---|---|---|---|
| 008 | 230524s9999 xx 000 0 und d | ||
| 020 | _a9789350144039 | ||
| 082 | _bKHA | ||
| 100 |
_aMohd.Umar Khan _942029 |
||
| 245 | 0 | _aHydrulics and Hydraulic Machines | |
| 250 | _a1 | ||
| 260 |
_aNew Delhi _bKatson _c2013 |
||
| 300 | _a"XIV,258p;" | ||
| 500 | _aQuantity Number: 1 | ||
| 650 | _aMechanics | ||
| 942 | _cBK | ||
| 999 |
_c56446 _d56446 |
||